[Event "Zagreb Superbet Blitz"]
[Site "Zagreb"]
[Date "2025.07.05"]
[Round "9"]
[White "Abdusattorov, Nodirbek"]
[Black "Firouzja, Alireza"]
[Result "1-0"]
[WhiteElo "2771"]
[BlackElo "2766"]
[PlyCount "59"]
[EventDate "2025.07.05"]
[EventType "tourn (blitz)"]
[EventRounds "18"]
[EventCountry "CRO"]
[SourceTitle "CB28_2025"]
[SourceDate "2025.07.09"]
[SourceVersion "1"]
[SourceVersionDate "2025.07.09"]
[SourceQuality "1"]

1. e4 c5 2. Nf3 d6 3. d4 cxd4 4. Nxd4 Nf6 5. Bd3 Nc6 6. Be3 g6 7. h3 Bg7 8. c4 Ng4 9. hxg4 Bxd4 10. Bxd4 Nxd4 11. Nc3 Qa5 12. f4 Be6 13. f5 Bd7 14. Rc1 Bc6 15. Qd2 Qe5 16. Kf2 0-0-0 17. b4 e6 18. Qe3 Rhg8 19. Nb5 Bxb5 20. cxb5+ Kb8 21. Rxh7 Rc8 22. Rxc8+ Rxc8 23. Rxf7 g5 24. Qg3 Qh8 25. Qxd6+ Ka8 26. f6 Rd8 27. Qc7 Rb8 28. b6 Qh4+ 29. Qg3 Qh1 30. Qxb8+ 1-0

[Event "Zagreb Superbet Blitz"]
[Site "Zagreb"]
[Date "2025.07.05"]
[Round "4"]
[White "Praggnanandhaa, Rameshbabu"]
[Black "Abdusattorov, Nodirbek"]
[Result "1/2-1/2"]
[WhiteElo "2779"]
[BlackElo "2771"]
[PlyCount "139"]
[EventDate "2025.07.05"]
[EventType "tourn (blitz)"]
[EventRounds "18"]
[EventCountry "CRO"]
[SourceTitle "CB28_2025"]
[SourceDate "2025.07.09"]
[SourceVersion "1"]
[SourceVersionDate "2025.07.09"]
[SourceQuality "1"]

1. b3 d5 2. Bb2 Nf6 3. d3 Bf5 4. Nd2 e6 5. g3 h6 6. Bg2 Be7 7. e4 Bh7 8. Nh3 c5 9. exd5 exd5 10. 0-0 0-0 11. Nf4 Nc6 12. Re1 Rc8 13. Rb1 d4 14. Nc4 b5 15. Nd2 Bd6 16. a4 Bxf4 17. gxf4 a6 18. axb5 axb5 19. Ne4 Bxe4 20. dxe4 Re8 21. Ba3 c4 22. bxc4 bxc4 23. Rb7 Qa5 24. Bd6 d3 25. cxd3 cxd3 26. e5 Nd5 27. Rf1 Nxf4 28. e6 Nxe6 29. Qxd3 Red8 30. Qg3 Ncd4 31. Kh1 Qd2 32. Be5 Rc1 33. Rb1 Rxb1 34. Rxb1 Rc8 35. h4 Ne2 36. Qf3 N6f4 37. Bxf4 Nxf4 38. Kh2 Qd6 39. Qg3 Rc3 40. Qxc3 Ne2+ 41. Qg3 Nxg3 42. fxg3 g6 43. Rf1 Kg7 44. Rf4 f5 45. h5 gxh5 46. Rxf5 h4 47. Rf3 h5 48. Kh3 Qd7+ 49. Kh2 Qc7 50. Kh3 Qd7+ 51. Kh2 Qd6 52. Kh3 hxg3 53. Rxg3+ Kf6 54. Re3 Kg5 55. Re4 Qd7+ 56. Kh2 h4 57. Re3 Qc7+ 58. Kh3 Qc8+ 59. Kh2 Qc7+ 60. Kh3 Kh5 61. Rf3 Qd7+ 62. Kh2 Qd6+ 63. Kh1 Kg4 64. Rh3 Qd2 65. Rf3 Qd6 66. Rh3 Qf4 67. Rf3 Qxf3 68. Bxf3+ Kxf3 69. Kh2 h3 70. Kxh3 1/2-1/2

[Event "Zagreb Superbet Rapid"]
[Site "Zagreb"]
[Date "2025.07.04"]
[Round "9"]
[White "Firouzja, Alireza"]
[Black "Abdusattorov, Nodirbek"]
[Result "1/2-1/2"]
[WhiteElo "2766"]
[BlackElo "2767"]
[PlyCount "113"]
[EventDate "2025.07.02"]
[EventType "tourn (rapid)"]
[EventRounds "9"]
[EventCountry "CRO"]
[EventCategory "21"]
[SourceTitle "CB28_2025"]
[SourceDate "2025.07.09"]
[SourceVersion "1"]
[SourceVersionDate "2025.07.09"]
[SourceQuality "1"]

1. e4 e5 2. Nf3 Nc6 3. Bc4 Nf6 4. d3 Bc5 5. c3 a6 6. Bg5 d6 7. Nbd2 Ba7 8. a4 0-0 9. h3 Kh8 10. Bh4 Ne7 11. Bxf6 gxf6 12. d4 c6 13. dxe5 dxe5 14. Qe2 b5 15. Bb3 Rb8 16. g3 b4 17. Kf1 bxc3 18. bxc3 Ng6 19. h4 h5 20. Kg2 Rg8 21. Kh2 Qd7 22. Ng1 Kg7 23. Ra2 Rd8 24. Bc4 f5 25. Kg2 f4 26. Qxh5 fxg3 27. fxg3 Be3 28. Nf1 Qa7 29. Nxe3 Qxe3 30. Qf3 Qxf3+ 31. Nxf3 f6 32. Rf2 Nf8 33. Rhf1 Be6 34. Bxe6 Nxe6 35. Nh2 Rb3 36. Ng4 Rxc3 37. Rxf6 Rd2+ 38. R1f2 Rxf2+ 39. Rxf2 Nc5 40. Nf6 Re3 41. h5 Nxe4 42. h6+ Kg6 43. h7 Kg7 44. Nxe4 Rxe4 45. Rf7+ Kh8 46. Rc7 Rxa4 47. Rxc6 Kxh7 48. Re6 e4 49. Kf2 a5 50. Ke3 Ra1 51. Rxe4 Re1+ 52. Kd3 Rxe4 53. Kxe4 Kg6 54. Kd3 Kg5 55. Kc4 Kg4 56. Kb5 Kxg3 57. Kxa5 1/2-1/2

[Event "Zagreb Superbet Rapid"]
[Site "Zagreb"]
[Date "2025.07.03"]
[Round "6"]
[White "Abdusattorov, Nodirbek"]
[Black "Caruana, Fabiano"]
[Result "0-1"]
[WhiteElo "2767"]
[BlackElo "2777"]
[PlyCount "116"]
[EventDate "2025.07.02"]
[EventType "tourn (rapid)"]
[EventRounds "9"]
[EventCountry "CRO"]
[EventCategory "21"]
[SourceTitle "CB28_2025"]
[SourceDate "2025.07.09"]
[SourceVersion "1"]
[SourceVersionDate "2025.07.09"]
[SourceQuality "1"]

1. e4 e5 2. Nf3 Nc6 3. Bc4 Nf6 4. d3 Be7 5. Nc3 d6 6. a3 0-0 7. Be3 Be6 8. Ng5 Bxc4 9. dxc4 Qd7 10. h3 a6 11. Nf3 b5 12. b3 bxc4 13. bxc4 Nd8 14. 0-0 Ne6 15. Qd3 Qc6 16. Nd5 Bd8 17. Rfb1 Nd7 18. Nc3 a5 19. Nd2 Ndc5 20. Qd5 Qa6 21. Nb3 Nd7 22. a4 Be7 23. Qb5 c6 24. Qxa6 Rxa6 25. g3 Rb8 26. Nd1 h5 27. h4 g6 28. Nb2 f5 29. exf5 gxf5 30. Nd3 Kf7 31. Nbc1 Raa8 32. Rxb8 Rxb8 33. Nb3 Bd8 34. Bd2 Ra8 35. Rb1 c5 36. Kg2 Bc7 37. Kf1 Nd8 38. Nb2 Nc6 39. Nd1 Nb6 40. Ne3 Ke6 41. Rd1 Bd8 42. Ra1 Bf6 43. Bc3 Bg7 44. Rb1 Nxa4 45. Be1 e4 46. Nd5 Ra7 47. c3 Be5 48. Nc1 Ne7 49. Nxe7 Kxe7 50. Ne2 Kd7 51. Rb8 Ra6 52. Rf8 Ke6 53. Bd2 Nb2 54. Nf4+ Bxf4 55. Bxf4 a4 56. Bc1 a3 57. Re8+ Kf7 58. Rh8 Nxc4 0-1

[Event "Tashkent UzChess Masters playoff2"]
[Site "Tashkent"]
[Date "2025.06.27"]
[Round "3"]
[White "Abdusattorov, Nodirbek"]
[Black "Sindarov, Javokhir"]
[Result "0-1"]
[WhiteElo "2767"]
[BlackElo "2710"]
[PlyCount "86"]
[EventDate "2025.06.27"]
[EventType "tourn (blitz)"]
[EventRounds "3"]
[EventCountry "UZB"]
[EventCategory "20"]
[SourceTitle "CB27_2025"]
[SourceDate "2025.07.02"]
[SourceVersion "1"]
[SourceVersionDate "2025.07.02"]
[SourceQuality "1"]

1. e4 e5 2. Nf3 Nc6 3. g3 Bc5 4. Bg2 d6 5. d3 a5 6. Nc3 Nge7 7. 0-0 0-0 8. Be3 Bg4 9. h3 Bxf3 10. Qxf3 Nd4 11. Qd1 c6 12. Kh2 a4 13. a3 Kh8 14. Ne2 Qb6 15. Nxd4 Bxd4 16. Bxd4 Qxd4 17. c3 Qb6 18. Qd2 d5 19. exd5 Nxd5 20. Rae1 f6 21. Re4 Rfd8 22. Rh4 Ne7 23. Re1 c5 24. Be4 f5 25. Bg2 Qf6 26. Qc2 h6 27. Rxa4 Rxa4 28. Qxa4 Rxd3 29. Re2 b6 30. Qe8+ Kh7 31. a4 e4 32. Qb5 Ng6 33. a5 bxa5 34. Qxc5 h5 35. h4 Ne5 36. Bh3 Rd1 37. Kg2 g6 38. Qc7+ Kh6 39. Re3 Nf3 40. Qf4+ Kg7 41. Rxf3 exf3+ 42. Qxf3 Qd6 43. Qb7+ Qd7 0-1

[Event "WchT Blitz Final"]
[Site "London"]
[Date "2025.06.15"]
[Round "1.1"]
[White "Abdusattorov, Nodirbek"]
[Black "Nogerbek, Kazybek"]
[Result "1-0"]
[WhiteElo "2767"]
[BlackElo "2538"]
[PlyCount "107"]
[EventDate "2025.06.15"]
[EventType "team-k.o. (blitz)"]
[EventRounds "4"]
[EventCountry "ENG"]
[SourceTitle "CB25_2025"]
[SourceDate "2025.06.18"]
[SourceVersion "1"]
[SourceVersionDate "2025.06.18"]
[SourceQuality "1"]
[WhiteTeam "Uzbekistan"]
[BlackTeam "Barys.kz"]
[WhiteTeamCountry "UZB"]
[BlackTeamCountry "KAZ"]

1. d4 Nf6 2. c4 e6 3. Nf3 d5 4. g3 dxc4 5. Bg2 Bb4+ 6. Nc3 0-0 7. 0-0 Nc6 8. a3 Bxc3 9. bxc3 Na5 10. Nd2 c5 11. dxc5 Qc7 12. a4 Rd8 13. Qc2 Bd7 14. Ba3 Bc6 15. Bxc6 Qxc6 16. Rab1 b6 17. cxb6 axb6 18. Be7 Rd5 19. Bxf6 gxf6 20. Rb4 f5 21. e4 fxe4 22. Nxe4 Kg7 23. Rfb1 Nb3 24. Qe2 Rxa4 25. Qg4+ Kf8 26. Rxa4 Qxa4 27. Nf6 Rd2 28. Nxh7+ Ke7 29. Qg5+ Kd6 30. Qf4+ Kc6 31. Qxf7 Qa2 32. Qxe6+ Kb7 33. Rf1 Nc5 34. Qf7+ Rd7 35. Qf3+ Ka7 36. Nf6 Rf7 37. Qc6 Qa4 38. Qd6 Qa3 39. Nd5 Rb7 40. h4 Qa5 41. h5 Ne4 42. Qe5 Nd2 43. Qe6 Nxf1 44. Kxf1 Qa1+ 45. Kg2 Qb1 46. h6 Qd3 47. g4 b5 48. g5 b4 49. Nxb4 Qxc3 50. Nc6+ Ka6 51. g6 Qd2 52. Qxc4+ Kb6 53. Qd4+ Qxd4 54. Nxd4 1-0

[Event "WchT Blitz Final"]
[Site "London"]
[Date "2025.06.15"]
[Round "3.1"]
[White "Grischuk, Alexander"]
[Black "Abdusattorov, Nodirbek"]
[Result "1-0"]
[WhiteElo "2667"]
[BlackElo "2767"]
[PlyCount "119"]
[EventDate "2025.06.15"]
[EventType "team-k.o. (blitz)"]
[EventRounds "4"]
[EventCountry "ENG"]
[SourceTitle "CB25_2025"]
[SourceDate "2025.06.18"]
[SourceVersion "1"]
[SourceVersionDate "2025.06.18"]
[SourceQuality "1"]
[WhiteTeam "KazChess"]
[BlackTeam "Uzbekistan"]
[WhiteTeamCountry "KAZ"]
[BlackTeamCountry "UZB"]

1. e4 e5 2. Nf3 Nc6 3. Bb5 a6 4. Ba4 Bc5 5. c3 Nge7 6. 0-0 Ng6 7. d4 Ba7 8. Bxc6 dxc6 9. Nxe5 Nxe5 10. dxe5 Qe7 11. Qf3 Qxe5 12. Bf4 Qe7 13. Qg3 0-0 14. Nd2 Bb6 15. Rfe1 Be6 16. Nf3 Rad8 17. Nd4 Bxd4 18. cxd4 f6 19. Bxc7 Rxd4 20. h4 Rd7 21. Ba5 c5 22. Re3 Qd6 23. f4 b5 24. a3 b4 25. axb4 cxb4 26. f5 Qxg3 27. Rxg3 Bc4 28. Bxb4 Re8 29. Re1 Rd3 30. Kf2 Kf7 31. Bc3 g6 32. fxg6+ hxg6 33. Rf3 Re6 34. Rf4 Bb5 35. g4 Ke7 36. g5 fxg5 37. hxg5 Bc6 38. Re3 Rxe3 39. Kxe3 Kd7 40. Rh4 Bb5 41. Bf6 Bc6 42. e5 Re8 43. Rd4+ Kc7 44. Rd6 Rb8 45. Bg7 Rb3+ 46. Kd4 Be8 47. Rxa6 Rxb2 48. e6 Re2 49. Be5+ Kb7 50. Rd6 Bc6 51. Bg3 Re4+ 52. Kc5 Be8 53. Rb6+ Ka7 54. Bb8+ Ka8 55. Kd5 Rg4 56. Be5 Rxg5 57. Rb8+ Ka7 58. Rxe8 Rg2 59. e7 Rd2+ 60. Ke6 1-0

[Event "WchT Blitz Final"]
[Site "London"]
[Date "2025.06.15"]
[Round "1.2"]
[White "Nogerbek, Kazybek"]
[Black "Abdusattorov, Nodirbek"]
[Result "0-1"]
[WhiteElo "2538"]
[BlackElo "2767"]
[PlyCount "114"]
[EventDate "2025.06.15"]
[EventType "team-k.o. (blitz)"]
[EventRounds "4"]
[EventCountry "ENG"]
[SourceTitle "CB25_2025"]
[SourceDate "2025.06.18"]
[SourceVersion "1"]
[SourceVersionDate "2025.06.18"]
[SourceQuality "1"]
[WhiteTeam "Barys.kz"]
[BlackTeam "Uzbekistan"]
[WhiteTeamCountry "KAZ"]
[BlackTeamCountry "UZB"]

1. d4 d5 2. Nf3 Nf6 3. c4 e6 4. Nc3 dxc4 5. e3 a6 6. Bxc4 c5 7. a4 Nc6 8. 0-0 Be7 9. Qe2 0-0 10. Rd1 Qc7 11. dxc5 Bxc5 12. h3 Ne5 13. b3 Nxf3+ 14. Qxf3 Bd7 15. Qf4 Qxf4 16. exf4 Rac8 17. Be3 Bb4 18. Ne2 Bc6 19. Rac1 Bd5 20. Bxd5 Nxd5 21. Bd4 Rfd8 22. g3 h5 23. h4 Ba3 24. Rxc8 Rxc8 25. Be5 Rc2 26. Nd4 Ra2 27. f5 Bc5 28. fxe6 fxe6 29. Rd3 Kf7 30. Rf3+ Nf6 31. Rc3 Ne4 32. Rf3+ Nf6 33. Rc3 Ne4 34. Rf3+ Nf6 35. Rf4 b6 36. Nc6 a5 37. Bc7 Rc2 38. Ne5+ Ke8 39. Bb8 Rc3 40. Kg2 Rxb3 41. Bc7 Rc3 42. Bb8 Rc2 43. Nd3 Ng4 44. Nxc5 bxc5 45. Bc7 Ne3+ 46. Kg1 Nd5 47. Bxa5 Nxf4 48. gxf4 Ra2 49. Bb6 c4 50. Bd4 Rxa4 51. Bxg7 Kf7 52. Be5 Kg6 53. f3 Ra2 54. Kf1 Kf5 55. Kg1 Re2 56. Bc3 Kxf4 57. Kf1 Kxf3 0-1

[Event "WchT Blitz Pool C"]
[Site "London"]
[Date "2025.06.14"]
[Round "9.1"]
[White "Mamedyarov, Shakhriyar"]
[Black "Abdusattorov, Nodirbek"]
[Result "0-1"]
[WhiteElo "2746"]
[BlackElo "2767"]
[PlyCount "100"]
[EventDate "2025.06.14"]
[EventType "team-tourn"]
[EventRounds "13"]
[EventCountry "ENG"]
[SourceTitle "CB25_2025"]
[SourceDate "2025.06.18"]
[SourceVersion "1"]
[SourceVersionDate "2025.06.18"]
[SourceQuality "1"]
[WhiteTeam "Generation XYZA"]
[BlackTeam "Uzbekistan"]
[WhiteTeamCountry "TUR"]
[BlackTeamCountry "UZB"]

1. c4 e5 2. Nf3 Nc6 3. g3 g6 4. d4 exd4 5. Nxd4 Bg7 6. Nxc6 dxc6 7. Qxd8+ Kxd8 8. Nc3 Be6 9. e4 a5 10. Be3 Nf6 11. 0-0-0+ Kc8 12. h3 a4 13. f4 a3 14. b3 Re8 15. Bd4 Nh5 16. Bxg7 Nxg7 17. g4 f6 18. Bg2 Bf7 19. f5 Re7 20. Rhe1 Ra5 21. Rf1 Ne8 22. h4 Rae5 23. g5 gxf5 24. Rxf5 fxg5 25. hxg5 Nd6 26. Rxe5 Rxe5 27. Bh3+ Kb8 28. Rg1 Bg6 29. Kd2 Nxe4+ 30. Nxe4 Rxe4 31. Rg3 c5 32. Bf1 Rd4+ 33. Bd3 Ka7 34. Kc3 Rxd3+ 35. Rxd3 Bxd3 36. Kxd3 Kb6 37. Ke4 Ka5 38. Kf5 Kb4 39. Kf6 Kc3 40. Kg7 Kb2 41. Kxh7 Kxa2 42. g6 Kxb3 43. g7 a2 44. g8Q a1Q 45. Qg3+ Kxc4 46. Qxc7 Qh1+ 47. Kg7 Qg2+ 48. Kf8 Qf3+ 49. Kg7 b5 50. Qa5 Qc3+ 0-1

[Event "WchT Blitz Pool C"]
[Site "London"]
[Date "2025.06.14"]
[Round "5.1"]
[White "Tan, Justin Hy"]
[Black "Abdusattorov, Nodirbek"]
[Result "0-1"]
[WhiteElo "2512"]
[BlackElo "2767"]
[PlyCount "84"]
[EventDate "2025.06.14"]
[EventType "team-tourn"]
[EventRounds "13"]
[EventCountry "ENG"]
[SourceTitle "CB25_2025"]
[SourceDate "2025.06.18"]
[SourceVersion "1"]
[SourceVersionDate "2025.06.18"]
[SourceQuality "1"]
[WhiteTeam "Wood Green Youth"]
[BlackTeam "Uzbekistan"]
[WhiteTeamCountry "ENG"]
[BlackTeamCountry "UZB"]

1. Nf3 d5 2. g3 Nc6 3. d4 Bf5 4. Bg2 Nb4 5. Na3 e6 6. Nh4 Bg4 7. c3 Nc6 8. Qb3 Rb8 9. e4 dxe4 10. Bxe4 Bh3 11. Nc4 Be7 12. Bf3 Bxh4 13. gxh4 Nge7 14. Rg1 0-0 15. h5 Nf5 16. Bf4 b5 17. Ne3 Nfxd4 18. cxd4 Nxd4 19. Qd1 Qf6 20. Rg3 Qxf4 21. Rxh3 Rbd8 22. Bg2 Rd6 23. Rg3 Rfd8 24. Qg4 Qe5 25. Kf1 f5 26. Qg5 h6 27. Qxh6 Qxg3 28. Qxe6+ Nxe6 29. hxg3 f4 30. gxf4 Nxf4 31. Bf3 c5 32. a4 a6 33. axb5 axb5 34. Ra7 Rd2 35. Kg1 Nh3+ 36. Kg2 Rxf2+ 37. Kg3 Rd3 38. Re7 Rxb2 39. Bd5+ Kf8 40. Re4 Nf2 41. Re5 Nd1 42. Kf4 Rxe3 0-1

[Event "WchT Rapid"]
[Site "London"]
[Date "2025.06.13"]
[Round "12.1"]
[White "Firouzja, Alireza"]
[Black "Abdusattorov, Nodirbek"]
[Result "0-1"]
[WhiteElo "2753"]
[BlackElo "2732"]
[PlyCount "168"]
[EventDate "2025.06.11"]
[EventType "team-swiss"]
[EventRounds "12"]
[EventCountry "ENG"]
[SourceTitle "CB25_2025"]
[SourceDate "2025.06.18"]
[SourceVersion "1"]
[SourceVersionDate "2025.06.18"]
[SourceQuality "1"]
[WhiteTeam "WR Chess"]
[BlackTeam "Uzbekistan"]
[WhiteTeamCountry "GER"]
[BlackTeamCountry "UZB"]

1. e4 c5 2. Nf3 g6 3. d4 cxd4 4. Nxd4 Nc6 5. c4 Bg7 6. Be3 Qb6 7. Nb5 Qa5+ 8. N5c3 d6 9. Be2 Qb4 10. Qc1 Bd4 11. Bf4 Nf6 12. Nd2 Bxc3 13. bxc3 Qa5 14. Rb1 0-0 15. 0-0 Be6 16. c5 d5 17. e5 Ne4 18. Nxe4 dxe4 19. Qe3 Qxa2 20. Ra1 Qb3 21. h4 h5 22. Rfb1 Qc2 23. Rxb7 Rab8 24. Rc1 Qxc1+ 25. Qxc1 Rxb7 26. Qa1 Rb3 27. Qa4 Rc8 28. Bb5 Nxe5 29. Bxe5 Rxc5 30. Qxa7 Rbxb5 31. Bd4 Rc8 32. Qxe7 Rf5 33. Qb7 Rd5 34. Qb1 Bf5 35. Qa2 Be6 36. Qe2 Bf5 37. Qe3 Rcd8 38. Kh2 Kh7 39. Qd2 Be6 40. Qb2 Rf5 41. Qb7 Rfd5 42. Bf6 Rc8 43. Qb4 Rf5 44. Bd4 Rf4 45. Qe7 Rf5 46. Qb7 Rf4 47. Qe7 Rf5 48. Kg3 Rg8 49. Be3 Rc8 50. Qb4 Rc4 51. Qb2 Rd5 52. Bd4 Rf5 53. Qb7 Rd5 54. Qa7 Rc8 55. Kf4 Rf5+ 56. Ke3 Re8 57. Qb7 Rc8 58. Qa7 Re8 59. Qb7 Bd5 60. Qd7 Ra8 61. Qe7 Bc4 62. Qc7 Bd3 63. Be5 Bf1 64. Qc6 Rd8 65. Qc7 Rd1 66. Qb8 f6 67. Qc7+ Kg8 68. Bd6 Bxg2 69. Qd8+ Kh7 70. Qe7+ Kg8 71. Qf8+ Kh7 72. Qf7+ Kh8 73. Qf8+ Kh7 74. f4 Rd3+ 75. Kf2 Rd2+ 76. Ke1 Rxd6 77. Qxd6 e3 78. Qe7+ Kg8 79. c4 Bf3 80. Qxe3 Bg4 81. Qe7 g5 82. fxg5 Re5+ 83. Qxe5 fxe5 84. Kf2 Kf7 0-1

[Event "WchT Rapid"]
[Site "London"]
[Date "2025.06.13"]
[Round "9.1"]
[White "Keymer, Vincent"]
[Black "Abdusattorov, Nodirbek"]
[Result "1-0"]
[WhiteElo "2649"]
[BlackElo "2732"]
[PlyCount "149"]
[EventDate "2025.06.11"]
[EventType "team-swiss"]
[EventRounds "12"]
[EventCountry "ENG"]
[SourceTitle "CB25_2025"]
[SourceDate "2025.06.18"]
[SourceVersion "1"]
[SourceVersionDate "2025.06.18"]
[SourceQuality "1"]
[WhiteTeam "Germany and Friends"]
[BlackTeam "Uzbekistan"]
[WhiteTeamCountry "GER"]
[BlackTeamCountry "UZB"]

1. Nf3 d5 2. b3 Bf5 3. Bb2 e6 4. g3 h6 5. Bg2 Nf6 6. 0-0 Be7 7. d3 0-0 8. Nc3 Bh7 9. e4 c6 10. Qe2 a5 11. a3 Qc7 12. Ne1 Nbd7 13. f4 dxe4 14. Nxe4 a4 15. b4 c5 16. Nxf6+ Bxf6 17. Bxf6 Nxf6 18. Qe5 Rac8 19. Qxc7 Rxc7 20. bxc5 Rd8 21. Ra2 Nd5 22. Bxd5 Rxd5 23. Kf2 Rdxc5 24. Ke3 Bf5 25. Kd2 Bg4 26. Rf2 Rb5 27. Kc1 Rb3 28. Ra1 b5 29. Kd2 Rbc3 30. Ra2 f6 31. Ng2 e5 32. Ne3 Be6 33. Ra1 R3c5 34. fxe5 fxe5 35. Rb1 Rd7 36. Rb4 Rd4 37. Rb2 Rd7 38. Rb4 Rd4 39. Nd1 Rxb4 40. axb4 Rc8 41. Nc3 a3 42. Rf1 a2 43. Ra1 Rf8 44. Nxb5 Rb8 45. c4 Rd8 46. Ke3 Bf5 47. Rxa2 Rxd3+ 48. Kf2 Be6 49. Rc2 Rb3 50. Nc7 Bf5 51. Re2 Rxb4 52. Nd5 Rb7 53. Rxe5 Bg4 54. Ke3 Rb2 55. h4 h5 56. Kd4 Ra2 57. Nf4 Rd2+ 58. Kc5 Rc2 59. Rg5 Kf7 60. Nxh5 Be2 61. Rxg7+ Ke6 62. Nf4+ Kf6 63. Rg6+ Kf7 64. Rc6 Rxc4+ 65. Kd5 Rxc6 66. Kxc6 Bf3+ 67. Kc5 Kf6 68. Kd4 Kf5 69. Ke3 Kg4 70. Kf2 Be4 71. Ng2 Kh3 72. Ne3 Bg6 73. Kf3 Bh5+ 74. Kf4 Be2 75. Nd5 1-0

[Event "WchT Rapid"]
[Site "London"]
[Date "2025.06.11"]
[Round "3.1"]
[White "Van Foreest, Jorden"]
[Black "Abdusattorov, Nodirbek"]
[Result "1/2-1/2"]
[WhiteElo "2640"]
[BlackElo "2732"]
[PlyCount "112"]
[EventDate "2025.06.11"]
[EventType "team-swiss"]
[EventRounds "12"]
[EventCountry "ENG"]
[SourceTitle "CB25_2025"]
[SourceDate "2025.06.18"]
[SourceVersion "1"]
[SourceVersionDate "2025.06.18"]
[SourceQuality "1"]
[WhiteTeam "Knight Dance"]
[BlackTeam "Uzbekistan"]
[WhiteTeamCountry "FRA"]
[BlackTeamCountry "UZB"]

1. d4 Nf6 2. c4 e6 3. Nc3 d5 4. cxd5 exd5 5. Bf4 c6 6. e3 Bf5 7. Nf3 Bd6 8. Bxd6 Qxd6 9. Nh4 Bg4 10. Qc2 Nbd7 11. h3 Be6 12. Bd3 0-0 13. 0-0 c5 14. dxc5 Nxc5 15. Rfd1 Qb6 16. Qe2 Nce4 17. Nb5 Rac8 18. Rac1 Bd7 19. Nd4 g6 20. Nhf3 Rfe8 21. Bb5 Bc6 22. b3 Rc7 23. Bd3 Bd7 24. Qb2 Rec8 25. Rxc7 Qxc7 26. Ne2 Nc3 27. Nxc3 Qxc3 28. Qxc3 Rxc3 29. Nd4 h5 30. Kh2 Kf8 31. Kg3 Ke7 32. Kf4 Rc8 33. Ke5 Be6 34. Kf4 g5+ 35. Kxg5 Rg8+ 36. Kf4 Rxg2 37. Kf3 Bxh3 38. Rh1 Ne4 39. Bxe4 dxe4+ 40. Kxe4 Bd7 41. Kf3 Rg5 42. e4 Ra5 43. a4 Rc5 44. Ke3 a5 45. f3 Kf6 46. Kf4 Be6 47. Rh2 Ke7 48. e5 Rc3 49. Rxh5 Bxb3 50. e6 Bxe6 51. Nxe6 Kxe6 52. Re5+ Kd6 53. Rxa5 Rb3 54. Kg4 b6 55. Ra6 Ke5 56. a5 bxa5 1/2-1/2

[Event "Sharjah Masters-A 8th"]
[Site "Sharjah"]
[Date "2025.05.23"]
[Round "7"]
[White "Giri, Anish"]
[Black "Abdusattorov, Nodirbek"]
[Result "1/2-1/2"]
[WhiteElo "2738"]
[BlackElo "2771"]
[PlyCount "57"]
[EventDate "2025.05.17"]
[EventType "swiss"]
[EventRounds "9"]
[EventCountry "UAE"]
[SourceTitle "CB22_2025"]
[SourceDate "2025.05.28"]
[SourceVersion "1"]
[SourceVersionDate "2025.05.28"]
[SourceQuality "1"]

1. d4 d5 2. c4 e6 3. Nf3 Nf6 4. g3 dxc4 5. Bg2 Nc6 6. Qa4 Bb4+ 7. Bd2 Nd5 8. Bxb4 Ndxb4 9. 0-0 Rb8 10. Nc3 a6 11. Ne5 0-0 12. Bxc6 Nxc6 13. Nxc6 bxc6 14. Qxc4 Qd6 15. b3 Rb4 16. Ne4 Rxc4 17. Nxd6 Rxd4 18. Nc4 e5 19. Nxe5 Re4 20. Nxc6 Rxe2 21. Rfe1 Rfe8 22. Rxe2 Rxe2 23. Rd1 Kf8 24. Kf1 Re8 25. f3 Bb7 26. Rc1 Re3 27. Kf2 Rd3 28. Ke2 Rd5 29. Nb4 1/2-1/2

[Event "Chess.com Classic Losers"]
[Site "Chess.com INT"]
[Date "2025.05.22"]
[Round "4.2"]
[White "Fedoseev, Vladimir1"]
[Black "Abdusattorov, Nodirbek"]
[Result "1/2-1/2"]
[WhiteElo "2739"]
[BlackElo "2771"]
[PlyCount "258"]
[EventDate "2025.05.20"]
[EventType "k.o. (blitz)"]
[EventRounds "6"]
[EventCountry "USA"]
[SourceTitle "CB22_2025"]
[SourceDate "2025.05.28"]
[SourceVersion "1"]
[SourceVersionDate "2025.05.28"]
[SourceQuality "1"]

1. d4 Nf6 2. c4 e6 3. Nf3 d5 4. g3 Be7 5. Bg2 0-0 6. Nc3 a5 7. 0-0 c6 8. b3 b6 9. Bb2 Ba6 10. Qc2 b5 11. Ne5 Nfd7 12. cxb5 cxb5 13. Nd3 Ra7 14. a3 Rc7 15. b4 Nc6 16. e3 axb4 17. axb4 Nxb4 18. Nxb4 Bxb4 19. Rxa6 Bxc3 20. Bxc3 b4 21. Ra4 bxc3 22. Ra3 Qb8 23. Rb1 Rb7 24. Rxb7 Qxb7 25. Rxc3 Nf6 26. h3 g6 27. Bf3 Kg7 28. Rc7 Qb6 29. Kg2 Rb8 30. g4 h6 31. h4 Rb7 32. Rc8 Rb8 33. Rc6 Qb1 34. Qxb1 Rxb1 35. Rc7 Rb2 36. Kg3 Kf8 37. Rc8+ Kg7 38. Rc7 Ne8 39. Rd7 Rb6 40. Kf4 Nd6 41. Bg2 Nc4 42. e4 dxe4 43. Bxe4 Rb2 44. f3 Rd2 45. d5 e5+ 46. Kg3 g5 47. hxg5 hxg5 48. Rc7 Ne3 49. Rc1 Kf6 50. Re1 Ng2 51. Rf1 Nf4 52. Rf2 Rxf2 53. Kxf2 Ke7 54. Ke3 Kd6 55. Bc2 Nxd5+ 56. Ke4 Ne7 57. Bb3 f6 58. Bf7 Nc8 59. Bc4 Kc5 60. Bd3 Nd6+ 61. Ke3 Kd5 62. Bh7 e4 63. fxe4+ Ke5 64. Bf5 Nb5 65. Bd7 Nd6 66. Bf5 Nc4+ 67. Kd3 Na5 68. Ke3 Nb7 69. Bd7 Nc5 70. Bc6 Kd6 71. Bb5 Ke5 72. Bc6 Ne6 73. Bb5 Nf4 74. Kf3 Kd4 75. Bd7 Nd3 76. Bf5 Ne5+ 77. Ke2 Nc4 78. Kf3 Nd2+ 79. Ke2 Nxe4 80. Kf3 Nc5 81. Bc8 Nd3 82. Bf5 Ne5+ 83. Kf2 Nc4 84. Kf3 Nd6 85. Bd7 Nb7 86. Ba4 Nc5 87. Bc6 Nd3 88. Be8 Ne5+ 89. Kg3 Ke3 90. Bb5 Nd3 91. Bc4 Nc5 92. Bd5 Ne4+ 93. Kg2 Kf4 94. Be6 Nd2 95. Bf5 Nc4 96. Bc8 Ne5 97. Kh3 Kf3 98. Bb7+ Kf2 99. Bc8 Nd3 100. Bb7 Nf4+ 101. Kh2 Ng6 102. Kh3 Ne5 103. Bd5 Nd3 104. Bb7 Ke3 105. Kg3 Nc5 106. Bc8 Ne4+ 107. Kg2 Nf2 108. Kg3 Nd3 109. Bf5 Nc1 110. Bc8 Ne2+ 111. Kg2 Kf4 112. Kh3 Kf3 113. Bb7+ Kf2 114. Kh2 Ng1 115. Bc6 Nf3+ 116. Kh3 Ne5 117. Bb7 Ng6 118. Kh2 Nf4 119. Bc6 Ne2 120. Bb7 Ke3 121. Kh3 Nd4 122. Kg3 Nb3 123. Bc8 Nd2 124. Bd7 Ne4+ 125. Kg2 Kf4 126. Bc8 Nd6 127. Bd7 Nc4 128. Be6 Ne5 129. Kh3 Kf3 1/2-1/2

[Event "Chess.com Classic Winners"]
[Site "Chess.com INT"]
[Date "2025.05.21"]
[Round "3.3"]
[White "Carlsen, Magnus"]
[Black "Abdusattorov, Nodirbek"]
[Result "1/2-1/2"]
[WhiteElo "2837"]
[BlackElo "2771"]
[PlyCount "96"]
[EventDate "2025.05.20"]
[EventType "k.o. (blitz)"]
[EventRounds "5"]
[EventCountry "USA"]
[SourceTitle "CB21_2025"]
[SourceDate "2025.05.21"]
[SourceVersion "1"]
[SourceVersionDate "2025.05.21"]
[SourceQuality "1"]

1. d4 d5 2. c4 e6 3. Nf3 Nf6 4. Nc3 c5 5. cxd5 Nxd5 6. e3 Nc6 7. Bd3 Nf6 8. 0-0 b6 9. Bb5 Bd7 10. a3 a6 11. Bd3 b5 12. dxc5 Bxc5 13. b4 Be7 14. Bb2 0-0 15. Rc1 a5 16. Ne4 axb4 17. Nxf6+ Bxf6 18. Bxf6 gxf6 19. Bxb5 Ne5 20. Bxd7 Qxd7 21. Nxe5 Qxd1 22. Rfxd1 fxe5 23. axb4 Rfb8 24. Rc4 Ra2 25. Rb1 Rd8 26. Rc5 Rb2 27. Rcc1 Rdd2 28. Rxb2 Rxb2 29. g3 Rxb4 30. Rc5 e4 31. g4 h6 32. Kg2 Kg7 33. Kg3 Kf6 34. h4 Rb1 35. Kg2 Rb4 36. g5+ Kg6 37. gxh6 Kxh6 38. Re5 Kg6 39. Kg3 Kf6 40. Rg5 Rb1 41. Kg2 Rb8 42. Rg4 Ke5 43. Kg3 f5 44. Rg6 Rh8 45. Kh3 Rh7 46. Kg3 Rh8 47. Kh3 Rh7 48. Kg3 Rh8 1/2-1/2